Quiz : Les sons des 3 albums solos de Nekfeu - Statistiques

Statistiques générales
  • Ce quiz a été pris 462 fois
  • Le résultat moyen est 35 sur 75
Statistiques - réponses
Année Album Feat Titre % Correct
2015 Feu Ed sheeran Reuf
83%
2015 Feu Némir Princesse
80%
2016 Cyborg Solo Humanoïde
78%
2015 Feu Solo On verra
77%
2015 Feu S.Pri Noir Ma dope
73%
2016 Cyborg Clara Luciani Avant tu riais
71%
2019 Les étoiles vagabondes : expansion Vanessa Paradis Dans l'univers
71%
2015 Feu Solo Égérie
70%
2019 Les étoiles vagabondes : expansion Némir Elle pleut
69%
2015 Feu Solo Martin Eden
68%
2016 Cyborg Sneazzy, S.Pri Noir Saturne
68%
2019 Les étoiles vagabondes : expansion Damso Tricheur
66%
2016 Cyborg Alpha Wann Vinyle
65%
2016 Cyborg Nepal Esquimaux
64%
2016 Cyborg Solo Galatée
64%
2019 Les étoiles vagabondes : expansion Solo Les étoiles vagabondes
63%
2015 Feu Sneazzy Mon âme
62%
2016 Cyborg Solo Squa
59%
2015 Feu Solo Le horla
58%
2016 Cyborg Solo Mauvaise Graine
57%
2016 Cyborg Cristal Kay Nekketsu
56%
2015 Feu Solo Risibles amours
56%
2015 Feu Solo Tempête
55%
2016 Cyborg Murkage Dave O.D
54%
2019 Les étoiles vagabondes : expansion Solo Cheum
52%
2019 Les étoiles vagabondes : expansion Bj The Chicago Kid Rouge à lèvres
52%
2019 Les étoiles vagabondes : expansion Solo Menteur menteur
51%
2015 Feu (réédition) Solo Plume
51%
2019 Les étoiles vagabondes : expansion Solo Ecrire
50%
2019 Les étoiles vagabondes : expansion Solo Alunissons
48%
2019 Les étoiles vagabondes : expansion Solo Ciel noir
48%
2016 Cyborg Solo Réalité augmenté
48%
2015 Feu Alpha Wann Point d’interrogation
47%
2019 Les étoiles vagabondes : expansion Alpha Wann Compte les hommes
46%
2015 Feu Amber Simone Être humain
45%
2015 Feu Solo Rêve d'avoir des rêves
45%
2015 Feu (réédition) Doums La ballade du Frémont
44%
2019 Les étoiles vagabondes : expansion Solo Chanson d'amour
43%
2019 Les étoiles vagabondes : expansion Solo Ken kaneki
43%
2019 Les étoiles vagabondes : expansion Solo Koala mouillé
43%
2019 Les étoiles vagabondes : expansion Solo Takotsubo
42%
2019 Les étoiles vagabondes : expansion Solo A la base
41%
2019 Les étoiles vagabondes : expansion Solo Voyage léger
41%
2015 Feu (réédition) 86 joon 7:77 am
40%
2019 Les étoiles vagabondes : expansion Solo Premier pas
40%
2016 Cyborg Solo Programmé
40%
2015 Feu (réédition) Son Bonus Solo Au coeur du G
39%
2016 Cyborg Framal, Jazzy Bazz Besoin de sens
39%
2019 Les étoiles vagabondes : expansion Solo Jeux vidéos et débats
39%
2019 Les étoiles vagabondes : expansion Solo Sous les nuages
39%
2019 Les étoiles vagabondes : expansion Solo 1er rôle
38%
2019 Les étoiles vagabondes : expansion Solo Energie sombre
38%
2019 Les étoiles vagabondes : expansion Cristal Kay Pixels
38%
2015 Feu Solo Elle en avait envie
36%
2015 Feu S-Crew La moue des morts
35%
2019 Les étoiles vagabondes : expansion Solo Le bruit qui court
35%
2019 Les étoiles vagabondes : expansion Solo De mes cendres
34%
2016 Cyborg Némir, 2zer, Mekra, Doums Le regard des gens
34%
2019 Les étoiles vagabondes : expansion Solo Oui et non
34%
2019 Les étoiles vagabondes : expansion Solo Natsukashii
33%
2019 Les étoiles vagabondes : expansion Solo De mon mieux
32%
2019 Les étoiles vagabondes : expansion Solo Dernier soupir
31%
2015 Feu (réédition) 1995 Pars avec moi
31%
2015 Feu Doums, Amber Simone Jeux d'ombres
30%
2019 Les étoiles vagabondes : expansion Framal, Doums L'air du temps
30%
2015 Feu Solo Laisse aller
30%
2019 Les étoiles vagabondes : expansion Solo Interlude Fifty
29%
2019 Les étoiles vagabondes : expansion 2zer, Mekra CDGLAXJFKHNDATH
26%
2015 Feu (réédition) Phénomène Bizness Le bruit de ma ville
26%
2019 Les étoiles vagabondes : expansion Solo Nouvel homme
25%
2015 Feu (réédition) 1995 Deux-trois
23%
2015 Feu (réédition) Solo Mal aimé
22%
2015 Feu (réédition) S-Crew Question d'honneur
22%
2019 Les étoiles vagabondes : expansion Solo Oya Kaya
14%
2015 Feu Solo Nique les clones Partie 2
13%
Aucun quiz correspondant
Distribution des résultats
% des personnes avec chaque résultat
Percentile par nombre de réponses
Votre historique - résultats
Vous n’avez pas pris ce quiz